Nghiên cứu đối chiếu các ngôn ngữ

AV090 Ngôn ngữ học đối chiếu

Сохранить в:
Библиографические подробности
Главный автор: Lê, Quang Thiêm
Формат:
Язык:Undetermined
Опубликовано: H. Đại học Quốc gia Hà Nội 2008
Предметы:
Online-ссылка:http://lrc.tdmu.edu.vn/opac/search/detail.asp?aID=2&ID=3994
Метки: Добавить метку
Нет меток, Требуется 1-ая метка записи!
Thư viện lưu trữ: Trung tâm Học liệu Trường Đại học Thủ Dầu Một
LEADER 00669nam a2200205Ia 4500
001 TDMU_3994
008 210410s9999 xx 000 0 und d
082 |a 410 
090 |b L46 
100 |a Lê, Quang Thiêm 
245 0 |a Nghiên cứu đối chiếu các ngôn ngữ 
245 0 |c Lê Quang Thiêm 
260 |a H. 
260 |b Đại học Quốc gia Hà Nội 
260 |c 2008 
300 |a 358tr. 
520 |a AV090 Ngôn ngữ học đối chiếu 
650 |a Ngôn ngữ học 
856 |u http://lrc.tdmu.edu.vn/opac/search/detail.asp?aID=2&ID=3994 
980 |a Trung tâm Học liệu Trường Đại học Thủ Dầu Một